000 00841nam a22002652 4500
999 _c18891
_d18891
001 0000019373
003 OSt
005 20210415150019.0
008 101112s xx 000 0 eng d
020 _a1337614688
040 _aKABU
_cKABU
050 _aHF5635
_b.W34 2018 c.1
100 1 _aWahlen, James M.
245 1 0 _aFinancial reporting, financial statement analysis, and valuation :
_ba strategic perspective /
_cJames M. Wahlen, Stephen P. Baginski, Mark T. Bradshaw.
250 _a9th ed.
260 _aMason, OH :
_bSouth-Wester,
_c2018.
300 _a3 vol. ( various pagings)
650 0 _aAccounting.
650 0 _aFinancial statements.
700 1 _aBaginski, Stephen P.
700 1 _aBradshaw, Mark T.
908 _a101112
942 _2lcc
_cBK